00982naa a22002777a 4500001001000000003000900010005001700019007000300036008003400039040005400073041000900127072001400136100001900150100002100169245014200190260003800332500009100370650002300461650001100484650002400495650002700519650001700546650002300563650001900586773009900605BR7908802BR-BrBNA20240918174532.0ta230509b bl.||||| |||| 00| 0 por d aBR-BrBNAbporcBiblioteca Nacional de Agricultura a(Pt) aL10b61001 aCosta, M.N. da1 aCustodio, R.W.S.1 aTaxa reprodutiva de galinhas para corte em acasalamentos efetuados para a avaliacao de populacoes, matrizes e hibridos (ciclo de 1979/80)3 aPiracicaba, SP (Brasil): c1979.  aRelatorio cientifico 1979 Piracicaba, SP (Brasil): 1979. p. 116-129 (BR7908802-AM)L10  aGALINHA PARA CORTE aMATRIZ aTAXA DE CRESCIMENTO aEFICIENCIA REPRODUTIVA aACASALAMENTO aFERTILIDADE ANIMAL aECLODIBILIDADE0 tRelatorio cientifico 1979 : no. 13 / w0120 BR7908790gPiracicaba, SP (Brasil), 1979. q309 p.